<?xml version="1.0" encoding="UTF-8"?>
<collection xmlns="http://www.loc.gov/MARC21/slim">
 <record>
  <leader>06447nam a2200313 a 4500</leader>
  <controlfield tag="001">1/47994</controlfield>
  <controlfield tag="008">181121s2017    gr a h b      00110 gre  </controlfield>
  <datafield tag="020" ind1=" " ind2=" ">
   <subfield code="a">9789600229943</subfield>
  </datafield>
  <datafield tag="035" ind1=" " ind2=" ">
   <subfield code="l">50989</subfield>
  </datafield>
  <datafield tag="040" ind1=" " ind2=" ">
   <subfield code="a">GR-PeUP</subfield>
  </datafield>
  <datafield tag="082" ind1="0" ind2="0">
   <subfield code="a">304.80949587 ΧΡΥ</subfield>
  </datafield>
  <datafield tag="100" ind1="1" ind2=" ">
   <subfield code="a">Χρυσανθοπούλου, Βασιλική,</subfield>
   <subfield code="d">1960-</subfield>
  </datafield>
  <datafield tag="245" ind1="1" ind2="0">
   <subfield code="a">Τόποι μνήμης στην καστελλοριζιακή μετανάστευση και διασπορά /</subfield>
   <subfield code="c">Βασιλική Χρυσανθοπούλου.</subfield>
  </datafield>
  <datafield tag="260" ind1="0" ind2=" ">
   <subfield code="a">Αθήνα :</subfield>
   <subfield code="b">Εκδόσεις Παπαζήση,</subfield>
   <subfield code="c">2017.</subfield>
  </datafield>
  <datafield tag="300" ind1=" " ind2=" ">
   <subfield code="a">546 σ. :</subfield>
   <subfield code="b">εικ., χάρτες, πανομ. ;</subfield>
   <subfield code="c">21 εκ.</subfield>
  </datafield>
  <datafield tag="490" ind1="1" ind2=" ">
   <subfield code="a">Σειρά ειδικών μελετών της μετανάστευσης και διασποράς ;</subfield>
  </datafield>
  <datafield tag="500" ind1=" " ind2=" ">
   <subfield code="a">Η μελέτη της Χρυσανθοπούλου εγινε στο: Εργαστήριο Μελέτης της Μετανάστευσης &amp; Διασποράς. Τμήμα Πολιτικής Επιστήμης &amp; Δημόσιας Διοίκησης. Εθνικό και Καποδιστριακό Πανεπιστήμιο Αθηνών.</subfield>
  </datafield>
  <datafield tag="500" ind1=" " ind2=" ">
   <subfield code="a">Περιέχει ευρετήριο όρων, ονομάτων, τοπωνυμίων και εικόνων.</subfield>
  </datafield>
  <datafield tag="504" ind1=" " ind2=" ">
   <subfield code="a">Περιέχει βιβλιογραφία (σ. 451-494).</subfield>
  </datafield>
  <datafield tag="520" ind1="0" ind2=" ">
   <subfield code="a">Στις 29 Σεπτεμβρίου 1945, το Empire Patrol, ένα βρετανικό πλοίο που μετέφερε Καστελλοριζιούς πρόσφυγες του Β΄ Παγκοσμίου Πολέμου στο Καστελλόριζο μετά από τη διετή προσφυγιά τους στο Νουζεϊράτ της Παλαιστίνης, έπιασε φωτιά και ναυάγησε 28 ναυτικά μίλια έξω από το Πορτ Σαΐντ, στέλνοντας στον θάνατο 33 Καστελλοριζιούς. Κάποιοι νέοι και παιδιά που επέζησαν αργότερα μετανάστευσαν στην Αυστραλία, όπου ήδη υπήρχαν κοινότητες Καστελλοριζιών από τις αρχές του 20ού αιώνα. Εκεί ανασυγκρότησαν τη ζωή τους, αλλά και τις τραυματικές μνήμες του εκπατρισμού, της προσφυγιάς, του ναυαγίου και της επιστροφής στο κατεστραμμένο από βομβαρδισμούς και φωτιές Καστελλόριζο. Δημιούργησαν έναν πολυφωνικό, βιωματικό και νεωτερικό (στο διαδίκτυο) τόπο μνήμης για το ναυάγιο και τα πλαισιωτικά του γεγονότα, με στόχο να διατηρήσουν τη μνήμη του και να «παραδώσουν ιστορία» στους απογόνους τους, καθιστώντας το τραυματικό αυτό γεγονός, κεντρικό σύμβολο της καστελλοριζιακής ταυτότητας στη διασπορά και στοιχείο δημόσιας μνήμης στην κοινωνία της Αυστραλίας. Το βιβλίο αυτό είναι το αποτέλεσμα μακρόχρονης επιτόπιας και πολυτοπικής έρευνας της συγγραφέως στην καστελλοριζιακή κοινότητα του Περθ Δυτικής Αυστραλίας, αλλά και στις κοινότητες των Καστελλοριζιών του νησιού, της Ρόδου και της Αθήνας. Μελετά ενδελεχώς τη συγκρότηση και τη μεταβίβαση της συλλογικής, της τραυματικής και της λαϊκής μνήμης μέσα από την ανάλυση ζωντανών (προφορικών), δοσμένων και ηχητικά σε ψηφιακό δίσκο, και διαδικτυακών αφηγήσεων και τελετουργιών για το ναυάγιο. Συνδυάζοντας τα επιστημονικά εργαλεία και τις προσεγγίσεις της ανθρωπολογίας, της λαογραφίας και της προφορικής ιστορίας, επιχειρεί μια σφαιρική προσέγγιση στη μελέτη της καστελλοριζιακής διασποράς, της ιστορίας και της ταυτότητάς της στην Αυστραλία και στις σχέσεις της με τον τόπο καταγωγής της. Η ανάλυση της ανασυγκρότησης της μνήμης της προσφυγιάς και του ναυαγίου των Καστελλοριζιών της Αυστραλίας αλλά και της Ελλάδας, εισάγει επίκαιρο προβληματισμό, καθώς το ακριτικό Καστελλόριζο σήμερα υποδέχεται δεκάδες προσφύγων που συχνά αφήνουν πίσω τους ανάλογες εμπειρίες προσβλέποντας σε μια νέα ζωή σε άλλες, ιδανικά φιλόξενες, πατρίδες.</subfield>
  </datafield>
  <datafield tag="650" ind1=" " ind2="4">
   <subfield code="a">Αποδημία και εποίκηση</subfield>
   <subfield code="x">Ιστορία.</subfield>
  </datafield>
  <datafield tag="650" ind1=" " ind2="4">
   <subfield code="a">Μετανάστες</subfield>
   <subfield code="z">Ελλάδα.</subfield>
  </datafield>
  <datafield tag="650" ind1=" " ind2="4">
   <subfield code="a">Immigrants</subfield>
   <subfield code="z">Greece.</subfield>
  </datafield>
  <datafield tag="650" ind1=" " ind2="4">
   <subfield code="a">Emigration and immigration.</subfield>
  </datafield>
  <datafield tag="650" ind1=" " ind2="4">
   <subfield code="a">Καστελλόριζο (Δωδεκάνησος)</subfield>
   <subfield code="x">Ιστορία.</subfield>
  </datafield>
  <datafield tag="710" ind1="2" ind2=" ">
   <subfield code="a">Εθνικό και Καποδιστριακό Πανεπιστήμιο Αθηνών.</subfield>
  </datafield>
  <datafield tag="830" ind1=" " ind2=" ">
   <subfield code="a">Σειρά ειδικών μελετών της μετανάστευσης και διασποράς ;</subfield>
   <subfield code="v">9</subfield>
  </datafield>
  <datafield tag="852" ind1=" " ind2=" ">
   <subfield code="a">INST</subfield>
   <subfield code="b">UNIPILB</subfield>
   <subfield code="c">MAIN</subfield>
   <subfield code="e">20181121</subfield>
   <subfield code="h">304.80949587 ΧΡΥ</subfield>
   <subfield code="p">00179347</subfield>
   <subfield code="q">00179347</subfield>
   <subfield code="t">LOAN</subfield>
   <subfield code="y">0</subfield>
   <subfield code="4">1</subfield>
  </datafield>
  <datafield tag="852" ind1=" " ind2=" ">
   <subfield code="a">INST</subfield>
   <subfield code="b">UNIPILB</subfield>
   <subfield code="c">MAIN</subfield>
   <subfield code="e">20181121</subfield>
   <subfield code="h">304.80949587 ΧΡΥ</subfield>
   <subfield code="p">00179348</subfield>
   <subfield code="q">00179348</subfield>
   <subfield code="t">LOAN</subfield>
   <subfield code="y">0</subfield>
   <subfield code="4">2</subfield>
  </datafield>
 </record>
</collection>
